| Поле | Инд. | ПП | Название | Значение |
|---|---|---|---|---|
| Тип записи | a | |||
| Библиографический уровень | m | |||
| 001 | Контрольный номер | d70a4812-33b8-46a3-93f9-2322c7a893fc | ||
| 005 | Дата корректировки | 20140703143225.9 | ||
| 008 | Кодируемые данные | 020611 | ||
| 020 | c | Цена, тираж | б/ц | |
| 040 | a | Служба первич. каталог. | НБ ТвГУ | |
| 041 | a | Код языка текста | rus | |
| 080 | a | Индекс УДК | 811.112'36(043.3) | |
| 084 | a | Индекс другой классификации/Индекс ББК | Ш143.24-2я031 | |
| 090 | x | Авторский знак | Н88 | |
| a | Полочн. индекс | Ш143.24 | ||
| 100 | 1_ | a | Автор | Нужденова Валентина Дмитриевна |
| 245 | 10 | a | Заглавие | Лексически ограниченные синтаксические конструкции с аккузативом и генитивом в современном немецком языке |
| b | Продолж. заглавия | автореф. дис. ... канд. филол. наук : 10.02.04 | ||
| c | Ответственность | М-во высш. и сред. спец. образования РСФСР, Калинин. гос. ун-т | ||
| 260 | 0_ | a | Место издания | Калинин |
| b | Издательство | КГУ | ||
| c | Дата издания | 1974 | ||
| 300 | a | Объем | 30, [1] с. | |
| 500 | a | Примечание | На правах рукоп. | |
| 504 | a | Библиография | Библиогр. в конце кн. и в подстроч. примеч. | |
| 583 | a | Действие | Получение впервые 97 22.03.2006 | |
| 650 | a | Основная рубрика | Немецкий язык | |
| x | Основная подрубрика | Грамматика | ||
| x | Основная подрубрика | Грамматические категории | ||
| x | Основная подрубрика | Лексикология | ||
| x | Основная подрубрика | Синтаксис | ||
| 653 | a | Ключевые слова | Немецкий язык | |
| a | Ключевые слова | Грамматика немецкого языка | ||
| a | Ключевые слова | Грамматические категории | ||
| a | Ключевые слова | Лексикология немецкого языка | ||
| a | Ключевые слова | Аккузатив | ||
| a | Ключевые слова | Генетив | ||
| a | Ключевые слова | Синтаксические конструкции | ||
| a | Ключевые слова | Синтаксис немецкого языка | ||
| a | Ключевые слова | Авторефераты | ||
| 852 | t | Порядковый номер экземпляра | 1 | |
| p | Инвентарный номер | б/н | ||
| 888 | a | Бесплатные | ||
| 930 | a | Новая/Ретро | авторефераты | |
| 952 | p | 97.2006 б/ц 1 б/н | ||
| c | Вид литературы | А/Р н | ||
| 954 | a | Дата поступления на обработку | 20060401 | |
| 999 | a | Подразделение 2 | ч.з. |